| 000 | 00426nam a2200181Ia 4500 | ||
|---|---|---|---|
| 008 | 221030s9999 xx 000 0 und d | ||
| 020 | _a8185749604 | ||
| 041 | _aEnglish | ||
| 082 |
_a105.23 _bGup |
||
| 100 | _aB. R. Gupta | ||
| 245 | 0 |
_aDigital Electronics _cby B. R. Gupta, V. Sighal |
|
| 250 | _a2nd | ||
| 260 |
_bPHI _aNew Delhi _c2001 |
||
| 300 | _a419 | ||
| 650 | _aBE Computer | ||
| 700 | _aV. Sighal | ||
| 942 | _cBK | ||
| 999 |
_c5947 _d5947 |
||